000 00685nam a22001577a 4500
003 OSt
005 20150909155203.0
008 150909b xxu||||| |||| 00| 0 eng d
040 _cRUA
082 _aAGR ឃុន 1994 B009 Or.1
100 _9191
_aឃុន លាងហាក់
245 _aការវាស់ស្ទង់និងវាយតំលៃលើការបំផ្លាញរបស់ពពួកសត្វល្អិត និងកត្តាចង្រៃផ្សេងៗទៀតលើដំណាំស្រូវនៅស្ថានីយ៍ដីឥដ្ឋ
260 _aPhnom Penh
_bRUA
_c1994
300 _a68p.
_bill.
_c29cm.
942 _2ddc
_cAGR
999 _c171
_d171